| 000 | 01142nam a2200301 i 4500 | ||
|---|---|---|---|
| 001 | 187023 | ||
| 003 | ES-MaACL | ||
| 005 | 20260318063017.0 | ||
| 008 | 170329s1974 sp mp |||| | spa d | ||
| 020 | _a84-354-0003-4 | ||
| 080 | _a821.112.2-34"17" | ||
| 100 | 1 |
_aHoffmann, Ernst T. A. _d1776-1822 _9242917 |
|
| 245 | 1 | 3 |
_aEl magnetizador / _cE.T.A. Hoffmann ; [prólogo y traducción, Carmen Bravo-Villasante]. |
| 250 | _a1ª ed. | ||
| 260 |
_aMadrid : _bCVS, _c1974. |
||
| 300 |
_a131 p., 1 lám. pleg. suelta ; _c24 cm + _edisco : _b33 rpm. |
||
| 490 | 1 |
_aFantástica ; _v4 |
|
| 505 | 8 | _aContiene: La iglesia de los Jesuitas de G. ; La casa vacía ; El huésped siniestro ; Bárbara Rolonffin. | |
| 597 | _aDisco en Despacho de Biblioteca | ||
| 700 | 1 |
_aBravo-Villasante, Carmen, _d1918-1994 _931507 |
|
| 740 | 3 | 2 | _aLa iglesia de los Jesuitas de G. |
| 740 | 3 | 2 | _aLa casa vacía. |
| 740 | 3 | 2 | _aEl huésped siniestro. |
| 740 | 0 | 2 | _aBárbara Rolonffin. |
| 830 | 1 |
_aFantástica ; _v4 _9225496 |
|
| 852 | 4 |
_aES-MaACL _jL-31342 _z- Dedicatoria autógrafa de Carmen Bravo-Villasante |
|
| 999 |
_c187023 _d187023 |
||